Các làn điệu dân ca Raglai
Giữ gìn, phát huy giá trị của Sử thi, dân ca, dân vũ của tộc người Raglai nói riêng, của các dân tộc thiểu số cả nước nói chung.
Bewaard in:
| Hoofdauteur: | |
|---|---|
| Andere auteurs: | |
| Formaat: | Boek |
| Taal: | Vietnamese |
| Gepubliceerd in: |
H.
Thanh Niên
2012
|
| Onderwerpen: | |
| Tags: |
Voeg label toe
Geen labels, Wees de eerste die dit record labelt!
|
| Thư viện lưu trữ: | Trung tâm Học liệu Lê Vũ Hùng, Trường Đại học Đồng Tháp |
|---|
| LEADER | 01268aam a22003138a 4500 | ||
|---|---|---|---|
| 001 | 00029324 | ||
| 005 | 20171026081022.0 | ||
| 008 | 120530s2012 ||||||viesd | ||
| 020 | # | # | |a 7986046400455 |
| 041 | 0 | # | |a vie |
| 082 | 1 | 4 | |a 398.809 597 |b C101L |
| 100 | 0 | # | |a Chamaliaq Riya Tiẻnq |
| 245 | 1 | 0 | |a Các làn điệu dân ca Raglai |c Chamaliaq Riya Tiẻnq, Trần Kiêm Hoàng |
| 246 | 0 | 1 | |a Manhĩ siri adoh Raglai |
| 260 | # | # | |a H. |b Thanh Niên |c 2012 |
| 300 | # | # | |a 562 tr. |c 21 cm |
| 500 | # | # | |a ĐTTS ghi: Hội Văn nghệ dân gian Việt Nam |
| 504 | # | # | |a Summary: tr. 559 |
| 520 | # | # | |a Giữ gìn, phát huy giá trị của Sử thi, dân ca, dân vũ của tộc người Raglai nói riêng, của các dân tộc thiểu số cả nước nói chung. |
| 546 | # | # | |a Chính văn bằng hai thứ tiếng: Tiếng Raglai - Tiếng Việt |
| 653 | # | # | |a Dân tộc thiểu số |
| 653 | # | # | |a Dân ca |
| 653 | # | # | |a Việt Nam |
| 653 | # | # | |a Văn học dân gian |
| 700 | 1 | # | |a Trần,Kiêm Hoàng |
| 852 | # | # | |b Kho đọc |j KD.0013632 |
| 852 | # | # | |j KD.0013632 |
| 910 | 0 | # | |d 5/6/2012 |a kchi |
| 980 | # | # | |a Trung tâm Học liệu Lê Vũ Hùng, Trường Đại học Đồng Tháp |